| 000 | 00695nam a2200217Ia 4500 | ||
|---|---|---|---|
| 003 | OSt | ||
| 005 | 20241113160756.0 | ||
| 008 | 210716s2005 xx 000 0 und d | ||
| 040 | _cAIMIT LIBRARY | ||
| 041 | _aeng | ||
| 082 |
_a001.072332 _21 _bHEGO |
||
| 245 |
_aBanking sector reform in india / _cEdited by Odeyar D Heggade. |
||
| 250 | _a1st ed. | ||
| 260 |
_aMysore : _c2005. |
||
| 300 |
_aviii,228p. ; _bPB _c21.5 cm |
||
| 650 |
_aBanking insurance and pension reform _9185277 |
||
| 650 |
_aBanking sector reforms in India _9185278 |
||
| 650 |
_aRural banking : challenges and approaches _9185279 |
||
| 700 |
_aHeggade, Odeyar D., ed. _9185280 |
||
| 942 |
_2ddc _cBK _e1st _k001.072332 HEGO |
||
| 999 |
_c200458 _d200458 |
||